Catálogo

Juan González, el intérprete entre Fray Juan de Zumárraga y el hoy Beato Juan Diego / (Registro nro. 36701)

Detalles MARC
000 -LEADER
fixed length control field 01290cam a2200325 i 4500
001 - CONTROL NUMBER
control field 36701
003 - CONTROL NUMBER IDENTIFIER
control field Mx-PuUPA
005 - DATE AND TIME OF LATEST TRANSACTION
control field 20260312105831.0
008 - FIXED-LENGTH DATA ELEMENTS--GENERAL INFORMATION
fixed length control field 140415s1995 mx a gr 001 0 spa d
040 ## - CATALOGING SOURCE
Transcribing agency Mx-PuUPA
Original cataloging agency Mx-PuUPA
Language of cataloging spa
Modifying agency Mx-PuUPA
Description conventions rda
041 0# - LANGUAGE CODE
Language code of text/sound track or separate title spa
245 10 - TITLE STATEMENT
Title Juan González, el intérprete entre Fray Juan de Zumárraga y el hoy Beato Juan Diego /
Statement of responsibility, etc. Miguel Ángel Cerón Ruiz [y otros cuatro] ; prólogo por Enrique Roberto Salazar Salazar
264 #1 - PRODUCTION, PUBLICATION, DISTRIBUTION, MANUFACTURE, AND COPYRIGHT NOTICE
Place of production, publication, distribution, manufacture México, D.F.:
Name of producer, publisher, distributor, manufacturer Editorial Hombre,
Date of production, publication, distribution, manufacture, or copyright notice 1995
300 ## - PHYSICAL DESCRIPTION
Extent 96 páginas :
Other physical details fotografías ;
Dimensions 21 cm
336 ## - CONTENT TYPE
Fuente rdacontent
Content type term texto
Content type code txt
337 ## - MEDIA TYPE
Source rdamedia
Media type term sin medio
Media type code n
338 ## - CARRIER TYPE
Source rdacarrier
Carrier type term volumen
Carrier type code nc
490 0# - SERIES STATEMENT
Series statement Monumenta Histórica Guadalupanensia ;
Volume/sequential designation 4
546 ## - LANGUAGE NOTE
Language note Incluye texto en náhuatl.
600 14 - SUBJECT ADDED ENTRY--PERSONAL NAME
Personal name González, Juan,
Dates associated with a name 1510-1590
General subdivision Paleógrafo español
600 14 - SUBJECT ADDED ENTRY--PERSONAL NAME
Personal name González, Juan,
Dates associated with a name 1510-1590
600 04 - SUBJECT ADDED ENTRY--PERSONAL NAME
Personal name Juan Diego,
Titles and other words associated with a name Santo,
Dates associated with a name aproximadamente 1474-1548
600 ## - SUBJECT ADDED ENTRY--PERSONAL NAME
Personal name Zumárraga, Juan De,
Dates associated with a name 1468-1548
650 #7 - SUBJECT ADDED ENTRY--TOPICAL TERM
Source of heading or term armarc
Topical term or geographic name entry element Museo Nacional de Historia
700 1# - ADDED ENTRY--PERSONAL NAME
Personal name Cerón Ruiz, Miguel Angel,
9 (RLIN) 17898
Relator term autor
700 1# - ADDED ENTRY--PERSONAL NAME
Personal name Salazar Salazar, Enrique Roberto,
Relator term prologuista
942 ## - ADDED ENTRY ELEMENTS (KOHA)
Source of classification or shelving scheme Dewey Decimal Classification
Koha item type Libro
Classification part 417.17092
Item part J52
Existencias
Withdrawn status Lost status Source of classification or shelving scheme Damaged status Not for loan Collection code Home library Current library Shelving location Date acquired Source of acquisition Total Checkouts Full call number Barcode Date last seen Price effective from Koha item type
    Dewey Decimal Classification     General Centro de Estudios Guadalupanos Centro de Estudios Guadalupanos Sala general 03/12/2013 Compra   417.17092 J52 1995 48351 23/03/2026 03/12/2013 Libro